De Mortuis Nil Nisi Bona Being a Series of Problems in Executorship Law and Accounts

Saved in:
Bibliographic Details
Main Author: Pegler, Ernest Charles
Other Authors: Spicer, Ernest Evan, Reed, Edward Tennyson, 1860-1933 (Illustrator), Ranking, D. F. de l'Hoste (Contributor)
Format: Electronic eBook
Language:English
Published: Project Gutenberg, 2013
Series:Project Gutenberg 41888
Online Access:http://www.gutenberg.org/etext/41888
Rights
Tags: Add Tag
No Tags, Be the first to tag this record!
Call Number :

MARC

LEADER 00000cam a22000003a 4500
001 73546
003 MY-KLNDU
005 20241219034037.0
008 130120s2013||||xxu|||||s|||||000 | eng d
035 |a (PGUSA)41888 
039 9 |a 202104081229  |b VLOAD  |y 202104030014  |z VLOAD 
040 |a PGUSA  |b eng 
042 |a dc 
100 1 |a Pegler, Ernest Charles 
245 1 0 |a De Mortuis Nil Nisi Bona Being a Series of Problems in Executorship Law and Accounts  |h [electronic resource] /  |c by Ernest Charles Pegler and Ernest Evan Spicer; illustrated by Edward Tennyson, 1860-1933 Reed; D. F. de l'Hoste Ranking (Contributor) 
260 |b Project Gutenberg,  |c 2013 
500 |a Project Gutenberg 
506 |a Freely available. 
516 |a Electronic text 
599 |a Dummy Record 
700 1 |a Spicer, Ernest Evan 
700 1 |a Reed, Edward Tennyson, 1860-1933,  |e Illustrator 
700 1 |a Ranking, D. F. de l'Hoste,  |e Contributor 
830 0 |a Project Gutenberg  |v 41888 
856 4 0 |u http://www.gutenberg.org/etext/41888 
856 4 2 |u http://www.gutenberg.org/license  |3 Rights 
999 |a vtls000084411  |c 73546  |d 73546